Statistics for European Countries spelled backwards

Click here to take the quiz!

General Stats

  • This quiz has been taken 22 times
  • The average score is 44 of 46

Answer Stats

BackwardsCountry% Correct
AirtsuaAustria
100%
SuralebBelarus
100%
AiraglubBulgaria
100%
DnalnifFinland
100%
EcnarfFrance
100%
YnamregGermany
100%
DnaleciIceland
100%
lagutropPortugal
100%
AinamorRomania
100%
AissurRussia
100%
AikavolsSlovakia
100%
NiapsSpain
100%
NedewsSweden
100%
Modgnik DetinuUnited Kingdom
100%
ArrodnaAndorra
95%
MiuglebBelgium
95%
KramnedDenmark
95%
EceergGreece
95%
YragnuhHungary
95%
DnaleriIreland
95%
YlatiItaly
95%
OvosokKosovo
95%
AivtalLatvia
95%
NietsnethceilLiechtenstein
95%
AinauhtilLithuania
95%
GruobmexulLuxembourg
95%
AtlamMalta
95%
AvodlomMoldova
95%
OcanomMonaco
95%
SdnalrehtenNetherlands
95%
YawronNorway
95%
DnalopPoland
95%
AibresSerbia
95%
AinevolsSlovenia
95%
DnalreztiwsSwitzerland
95%
EniarkuUkraine
95%
AinablaAlbania
90%
Anivogezreh AinsnobBosnia and Herzegovina
90%
AitaorcCroatia
90%
SurpycCyprus
90%
Cicbupep HcezcCzech Republic
90%
AinotseEstonia
90%
OrgenetnomMontenegro
90%
Ainodecam HtronNorth Macedonia
90%
Oniram NasSan Marino
90%
Ytic NacitavVatican City
90%

Score Distribution

Percentile by Number Answered

Percent of People with Each Score

Your Score History

You have not taken this quiz